Normal view MARC view
  • DAS, SITANSHU

Entry Personal Name

Number of records used in: 1

001 - CONTROL NUMBER

  • control field: 6963

003 - CONTROL NUMBER IDENTIFIER

  • control field: OSt

005 - DATE AND TIME OF LATEST TRANSACTION

  • control field: 20181009132821.0

008 - FIXED-LENGTH DATA ELEMENTS

  • fixed length control field: 181009|| aca||aabn | a|a d

040 ## - CATALOGING SOURCE

  • Original cataloging agency: OSt
  • Transcribing agency: OSt

100 ## - HEADING--PERSONAL NAME

  • Personal name: DAS, SITANSHU

670 ## - SOURCE DATA FOUND

  • Source citation: Work cat.: (OSt): DAS, SITANSHU, SUBHAS A POLITICAL BIOGRAPHY, 2006

Powered by Koha